000 00292nam a2200133Ia 4500
005 20251222141840.0
008 251222s9999||||xx |||||||||||||| ||spa||
020 _a84-413-0119-0
082 _a949.5/S47
100 _aSherrard, Philip
245 0 _aBizancio
264 _bFolio
942 _cLIB
999 _c7377
_d7377